La nueva propiedad horizontal

Bibliographic Details
Main Author: Zaforteza Soca̕s, Jos ̌Mara̕
Format: Unknown
Language:Spanish
Published: Barcelona : Bosch Editor, 2002
Subjects:
Online Access:Acceso restringido

MARC

LEADER 00000ny a22000003n 4500
005 20110620181534.0
006 m u
007 cr cn|||||||||
008 080930s2002 sp 000 0 spa d
020 |a 9788476986738 
035 |a 134 
040 |a FlNmELB  |c FlNmELB  |d vlex 
050 1 4 |a K740  |b Z17 2002eb 
080 |a 347.238.3 
090 |c 1348  |d 1348 
100 1 |a Zaforteza Soca̕s, Jos ̌Mara̕ 
245 1 3 |a La nueva propiedad horizontal  |h [Recurso electrn̤ico]  |c Jos ̌Mara̕ Zaforteza Soca̕s 
256 |a Servicio en ln̕ea 
260 |a Barcelona :  |b Bosch Editor,  |c 2002 
300 |a 7-184 p. 
506 1 |a Contenido solo disponible en los productos indicados  |d vLex Global  |d vLex Global (Academic Edition, excluding Law Schools)  |d vLex Global (U.S. Academic Edition, Law Schools)  |d vLex Global (U.S. Academic Edition, excluding Law Schools)  |d vLex Global (Academic Edition, Law Schools) 
650 0 7 |a Propiedad horizontal  |2 Tesauro vLex 
740 0 |a vLex Libros (Servicios en ln̕ea) 
856 4 0 |z Acceso restringido  |u http://vlex.com/source/nueva-propiedad-horizontal-134 
942 |c BOOK